Scott Fitzgerald

Saved in:
書目詳細資料
主要作者: Turnbull, Andrew (Author)
格式: 圖書
語言:英语
出版: Harmondsworth Penguin Books 1970
叢編:Penguin Biographies
主題:
標簽: 添加標簽
沒有標簽, 成為第一個標記此記錄!

MARC

LEADER 00000nam a2200000 a 4500
001 UCQ4293
003 CL-VaPUC
008 980904e19700000uk |||||||||||||||||eng|d
082 0 4 |a 813.09  |b TUR  |2 21 
100 0 |a Turnbull, Andrew  |e author  |9 418543 
245 1 0 |a Scott Fitzgerald 
300 |a 367 p 
942 |c BK 
945 |d 19980904 00:00:00  |a crobeson 
260 |a Harmondsworth  |b Penguin Books  |c 1970 
600 0 7 |a FITZGERALD, FRANCIS SCOTT  |2 CL-VaPUC  |9 371937 
650 7 |a NOVELA ESTADOUNIDENSE  |2 CL-VaPUC  |9 266286 
650 0 |a Literatura estadounidense  |9 317168 
650 0 |a Historia y crítica   |9 257407 
650 0 |a Biografías  |9 255210 
583 |a last modification  |c 20171204 02:48:59  |k Rodrigo Vera 
490 0 |a Penguin Biographies 
999 |c 274679  |d 274677 
952 |0 0  |1 0  |4 0  |6 813_090000000000000_TUR_1970  |7 0  |8 A  |9 310967  |a BIBEDU  |b BIBEDU  |d 2019-11-20  |i 1460587  |o 813.09 TUR 1970  |p 1460587  |r 2019-11-20  |w 2019-11-20  |y BK  |k LIT